Inter-Faith Essays and Other Articles (Record no. 188861)
[ view plain ]
| 000 -LEADER | |
|---|---|
| fixed length control field | 00984 a2200169 4500 |
| 003 - CONTROL NUMBER IDENTIFIER | |
| control field | Nust |
| 005 - DATE AND TIME OF LATEST TRANSACTION | |
| control field | 20170320160011.0 |
| 008 - FIXED-LENGTH DATA ELEMENTS--GENERAL INFORMATION | |
| fixed length control field | 170320b xxu||||| |||| 00| 0 eng d |
| 040 ## - CATALOGING SOURCE | |
| Transcribing agency | Nust |
| 082 ## - DEWEY DECIMAL CLASSIFICATION NUMBER | |
| Classification number | 261.208 INT |
| 100 ## - MAIN ENTRY--PERSONAL NAME | |
| Personal name | Khan, Abdul Waheed |
| 245 ## - TITLE STATEMENT | |
| Title | Inter-Faith Essays and Other Articles |
| Statement of responsibility, etc. | Abdul Waheed Khan |
| 260 ## - PUBLICATION, DISTRIBUTION, ETC. | |
| Place of publication, distribution, etc. | Karachi |
| 300 ## - PHYSICAL DESCRIPTION | |
| Extent | 93 p.; |
| 500 ## - GENERAL NOTE | |
| General note | P.B |
| 505 ## - FORMATTED CONTENTS NOTE | |
| Formatted contents note | Islam is Under Attack (Page-5) Interfaith Dialogue (Page-9) Open Your Eyes (Page-11) Prophet Muhammad (P.B.U.H.) in Hinduism (Page-13) Buddhism (Page-16) Religion of Jesus (Page-24)The Easter Service (Page-29) Prok Eating is Dangerous to Health (Page-31) Qadiyaniat (Page-34) Holy Quran is a Mathematical Miracle (Page-41) The Curse of Usury and Interest (Page-46) The Journey of a Man (Page-53) Prayer (Page-58) Your Duty towards Your Parents (Page-61) The Holy Quran at a Glance (Page-67) Letter to Bishop (Page-78) The Crisis in His Faith (Page-83) Knowledge (Page-86) Propagation of Islam (Page-88) |
| 538 ## - SYSTEM DETAILS NOTE | |
| System details note | Almirah No.47 Shelf No.6 |
| 650 ## - SUBJECT ADDED ENTRY--TOPICAL TERM | |
| Topical term or geographic name entry element | Christianity |
| 942 ## - ADDED ENTRY ELEMENTS (KOHA) | |
| Source of classification or shelving scheme | |
| Koha item type | Book |
| Call number prefix | 261.208 INT |
| Withdrawn status | Lost status | Source of classification or shelving scheme | Damaged status | Not for loan | Collection code | Permanent Location | Current Location | Shelving location | Date acquired | Total Checkouts | Full call number | Barcode | Date last seen | Price effective from | Koha item type |
|---|---|---|---|---|---|---|---|---|---|---|---|---|---|---|---|
| Institute of Environmental Science and Engineering (IESE) | Institute of Environmental Science and Engineering (IESE) | General Stacks | 03/20/2017 | 261.208 INT | IESE-2678 | 03/20/2017 | 03/20/2017 | Book |
